Dokusen kinshi seisaku nijūnenshi /
Saved in:
| Corporate Author: | |
|---|---|
| Format: | Book |
| Language: | Japanese |
| Published: |
Tōkyō :
Ōkurashō Insatsu Kyoku,
Shōwa 43 [1968]
|
| Subjects: | |
| Tags: |
Add Tag
No Tags, Be the first to tag this record!
|
| LEADER | 00873nam a2200229 a 4500 | ||
|---|---|---|---|
| 001 | 007770943-8 | ||
| 005 | 20024617115958.0 | ||
| 008 | 881206s1968 ja acf 000 0 jpnrd | ||
| 035 | 0 | |a ocm18849325 | |
| 040 | |a CU-S |c CU-S |d *YNH* |d CStRLIN | ||
| 050 | |a HD2907 |b .A2 1969b | ||
| 110 | 1 | |6 880-01 |a Japan. |b Kōsei Torihiki Iinkai. | |
| 245 | 1 | 0 | |6 880-02 |a Dokusen kinshi seisaku nijūnenshi / |c [Kōsei Torihiki Iinkai]. |
| 260 | |6 880-03 |a Tōkyō : |b Ōkurashō Insatsu Kyoku, |c Shōwa 43 [1968] | ||
| 300 | |a 2, 9, 758 p., [2] leaves of plates : |b ill., ports. ; |c 27 cm. | ||
| 500 | |a Includes legislation. | ||
| 650 | 0 | |a Trusts, Industrial |z Japan. | |
| 880 | 1 | |6 110-01 |a Japan. |b 公正取引委員会. | |
| 880 | 1 | 0 | |6 245-02 |a 独占禁止政策二十年史 / |c [公正取引委員会]. |
| 880 | |6 260-03 |a 東京 : |b 大藏省印刷局, |c 昭和43 [1968] | ||
| 988 | |a 20021214 | ||
| 906 | |0 OCLC | ||


